[Event "SVK-chT3A2 1213"]
[Site "Slovakia"]
[Date "2012.11.04"]
[Round "3.3"]
[White "Svoboda, Adam"]
[Black "Malar, Pavol"]
[Result "0-1"]
[WhiteElo "1958"]
[BlackElo "2118"]
[PlyCount "58"]
[EventDate "2012.10.07"]
[EventType "team-tourn"]
[EventRounds "11"]
[EventCountry "SVK"]
[SourceTitle "EXT 2015"]
[Source "ChessBase"]
[SourceDate "2014.11.20"]
[SourceVersion "1"]
[SourceVersionDate "2014.11.20"]
[SourceQuality "1"]
[WhiteTeam "Trnava Lokomotiva Solartec IV"]
[BlackTeam "Hlohovec SK Zentiva"]
[WhiteTeamCountry "SVK"]
[BlackTeamCountry "SVK"]

1. e4 e6 2. d4 d5 3. Nc3 Bb4 4. e5 c5 5. a3 Ba5 6. b4 cxd4 7. bxa5 dxc3 8. Qg4 Ne7 9. Qxg7 Rg8 10. Qxh7 Nbc6 11. Nf3 Qxa5 12. Ng5 Rf8 13. f4 Nf5 14. g4 Nfd4 15. Rb1 Bd7 16. Bd3 Qc5 17. Rxb7 Na5 18. Rb4 0-0-0 19. Kd1 Ndc6 20. Rb1 Nc4 21. Qh3 f6 22. Nh7 Rh8 23. exf6 e5 24. fxe5 N6xe5 25. Bf5 Bxf5 26. gxf5 Qd4+ 27. Ke2 Qe4+ 28. Be3 Qxc2+ 29. Kf1 Qxb1+ 0-1

[Event "SVK-chT U20 final"]
[Site "Liptovsky Hradok"]
[Date "2012.04.27"]
[Round "1.1"]
[White "Hros, Roman"]
[Black "Svoboda, Adam"]
[Result "0-1"]
[WhiteElo "1925"]
[BlackElo "1978"]
[PlyCount "110"]
[EventDate "2012.04.27"]
[EventType "team-tourn"]
[EventRounds "5"]
[EventCountry "SVK"]
[SourceTitle "CBM 148 Extra"]
[Source "ChessBase"]
[SourceDate "2012.06.22"]
[SourceVersion "1"]
[SourceVersionDate "2012.06.22"]
[SourceQuality "1"]
[WhiteTeam "Liptov Chess School"]
[BlackTeam "Trnava Lokomotiva"]
[WhiteTeamCountry "SVK"]
[BlackTeamCountry "SVK"]

1. Nf3 d5 2. b3 Bg4 3. e3 Nd7 4. Bb2 Ngf6 5. Be2 e6 6. d3 h6 7. Nbd2 Bd6 8. c4 c6 9. h3 Bh5 10. 0-0 0-0 11. e4 dxe4 12. Nxe4 Nxe4 13. dxe4 Bxf3 14. Bxf3 Be5 15. Rb1 Bxb2 16. Rxb2 Qc7 17. Rd2 Rad8 18. Qe2 c5 19. Rfd1 Ne5 20. g3 Rxd2 21. Rxd2 Nc6 22. Bg2 Nd4 23. Qe3 e5 24. Qc3 Rd8 25. Kh1 a5 26. Bf3 Qb6 27. Bd1 Ra8 28. Kg2 Qc6 29. f3 Qc7 30. Qd3 Rd8 31. Qc3 f6 32. h4 Nc6 33. Kf2 Rd4 34. a3 Qd6 35. Ke1 g6 36. Qc1 Kg7 37. Qc2 Ne7 38. g4 Qd7 39. Qc3 b6 40. Bc2 h5 41. gxh5 gxh5 42. Rg2+ Ng6 43. Qe3 Kh7 44. Qf2 Qh3 45. Rh2 Qe6 46. Qe3 Rd7 47. Qc3 Nf4 48. b4 axb4 49. axb4 Rg7 50. bxc5 bxc5 51. Kf2 Qg8 52. Ke3 Rg1 53. Ba4 Qg3 54. Qd2 Re1+ 55. Qxe1 Qxe1+ 0-1

[Event "Senica op 3rd"]
[Site "Senica"]
[Date "2011.08.24"]
[Round "5"]
[White "Hrubsa, Marian"]
[Black "Svoboda, Adam"]
[Result "0-1"]
[WhiteElo "1929"]
[BlackElo "1967"]
[PlyCount "54"]
[EventDate "2011.08.21"]
[EventType "swiss"]
[EventRounds "9"]
[EventCountry "SVK"]
[SourceTitle "CBM 144 Extra"]
[Source "ChessBase"]
[SourceDate "2011.10.28"]
[SourceVersion "1"]
[SourceVersionDate "2011.10.28"]
[SourceQuality "1"]

1. e4 c5 2. Nf3 Nc6 3. d4 cxd4 4. Nxd4 Nf6 5. Nc3 d6 6. Be2 e5 7. Nb3 Be6 8. Be3 Be7 9. 0-0 0-0 10. f3 d5 11. exd5 Nxd5 12. Nxd5 Bxd5 13. Qe1 Qc7 14. Rd1 Rad8 15. Qg3 Kh8 16. c3 f5 17. Qf2 b6 18. Kh1 f4 19. Bc1 Rf6 20. Bd3 Rh6 21. c4 Be6 22. Be2 Bh4 23. Qg1 Bg3 24. Rxd8+ Qxd8 25. Rd1 Qh4 26. Rd6 Bxh2 27. Rxe6 Bg3+ 0-1

[Event "Frydek Mistek Chance Cup op"]
[Site "Frydek Mistek"]
[Date "2011.04.23"]
[Round "5"]
[White "Svoboda, Adam"]
[Black "Rabatin, Jakub"]
[Result "0-1"]
[WhiteElo "1947"]
[BlackElo "2119"]
[PlyCount "72"]
[EventDate "2011.04.21"]
[EventType "swiss"]
[EventRounds "9"]
[EventCountry "CZE"]
[SourceTitle "EXT 2012"]
[Source "ChessBase"]
[SourceDate "2011.11.24"]
[SourceVersion "1"]
[SourceVersionDate "2011.11.24"]
[SourceQuality "1"]

1. e4 e5 2. Nf3 Nc6 3. Bc4 Nf6 4. Ng5 d5 5. exd5 Na5 6. Bb5+ c6 7. dxc6 bxc6 8. Bd3 h6 9. Ne4 Nd5 10. 0-0 Be7 11. Nbc3 0-0 12. b3 f5 13. Nxd5 cxd5 14. Nc3 Bb7 15. Re1 e4 16. Bf1 d4 17. Nb5 a6 18. Na3 d3 19. Bb2 Bc5 20. cxd3 exd3 21. Re6 Qh4 22. Qe1 Be4 23. Rc1 Nb7 24. Nc4 Kh7 25. Re5 Rae8 26. Rxe8 Rxe8 27. Be5 Re7 28. a3 Nd8 29. Bg3 Qg5 30. h4 Qxg3 31. Ne3 Bxe3 32. dxe3 Qxh4 33. Qb4 Qg5 34. f4 Qg3 35. Qc5 Re6 36. Rd1 Rc6 0-1

[Event "SVK-ch U18"]
[Site "Sliac"]
[Date "2011.04.05"]
[Round "7"]
[White "Svoboda, Adam"]
[Black "Mraz, Martin"]
[Result "1-0"]
[WhiteElo "1947"]
[BlackElo "1874"]
[PlyCount "99"]
[EventDate "2011.03.31"]
[EventType "swiss"]
[EventRounds "9"]
[EventCountry "SVK"]
[SourceTitle "CBM 141 Extra"]
[Source "ChessBase"]
[SourceDate "2011.05.03"]
[SourceVersion "1"]
[SourceVersionDate "2011.05.03"]
[SourceQuality "1"]

1. e4 e5 2. Nf3 Nc6 3. Bc4 Nf6 4. Ng5 d5 5. exd5 Na5 6. Bb5+ c6 7. dxc6 bxc6 8. Bd3 Nd5 9. Nf3 Nf4 10. 0-0 Nxd3 11. cxd3 Bd6 12. Re1 0-0 13. Nxe5 Qc7 14. Nf3 Bg4 15. h3 Bh5 16. Nc3 Rae8 17. Rf1 f5 18. d4 Qd8 19. d3 Bc7 20. g3 Bxf3 21. Qxf3 Qxd4 22. Rd1 f4 23. g4 Re6 24. Rb1 a6 25. Ne4 c5 26. b3 Nc6 27. Bb2 Qb4 28. Rbc1 Ne5 29. Bxe5 Rxe5 30. Rc4 Qa5 31. Ra4 Qb6 32. Rc1 Bd6 33. Rac4 a5 34. d4 cxd4 35. Rc6 Qb4 36. Nxd6 Re1+ 37. Rxe1 Qxe1+ 38. Kg2 Qe5 39. Nc4 Qb5 40. Rd6 Kh8 41. Rxd4 Qg5 42. Rd5 Qf6 43. Rxa5 g6 44. Ra7 h5 45. Nd2 h4 46. Qb7 f3+ 47. Nxf3 Qxf3+ 48. Qxf3 Rxf3 49. Kxf3 g5 50. Ke4 1-0

[Event "SVK-chT3A2 1011"]
[Site "Slovakia"]
[Date "2011.02.13"]
[Round "8.1"]
[White "Sebesta, Radovan"]
[Black "Svoboda, Adam"]
[Result "1-0"]
[WhiteElo "2076"]
[BlackElo "1925"]
[PlyCount "117"]
[EventDate "2010.10.17"]
[EventType "team-tourn"]
[EventRounds "11"]
[EventCountry "SVK"]
[SourceTitle "EXT 2019"]
[Source "ChessBase"]
[SourceDate "2018.10.10"]
[SourceVersion "1"]
[SourceVersionDate "2018.10.10"]
[SourceQuality "1"]
[WhiteTeam "Senica SK"]
[BlackTeam "Trnava Lokomotiva III"]
[WhiteTeamCountry "SVK"]
[BlackTeamCountry "SVK"]

1. d4 d5 2. c4 c6 3. Nf3 Nf6 4. Nc3 a6 5. e3 e6 6. Qc2 Nbd7 7. Bd3 Bd6 8. 0-0 0-0 9. b3 e5 10. cxd5 cxd5 11. dxe5 Nxe5 12. Be2 Bg4 13. Nxe5 Bxe5 14. Bb2 Rc8 15. Rac1 Bxe2 16. Qxe2 Qe7 17. Rfd1 Rfd8 18. Nxd5 Nxd5 19. Rxc8 Rxc8 20. Rxd5 Bxb2 21. Qxb2 Qf6 22. Rd4 h6 23. g3 Qf5 24. Qe2 Rc2 25. Rd2 Rc1+ 26. Kg2 Qe6 27. Rd8+ Kh7 28. Qd3+ Qg6 29. Qxg6+ Kxg6 30. Rd7 Rc2 31. a4 Rc6 32. Rxb7 Kf6 33. h4 h5 34. Kf3 g6 35. b4 Rc4 36. Rb6+ Kg7 37. a5 Kf8 38. e4 Ke7 39. Rxa6 Rxb4 40. Rb6 Ra4 41. a6 Kf8 42. Kf4 Ra2 43. f3 Ra3 44. g4 Kg7 45. gxh5 gxh5 46. Rc6 Ra5 47. e5 Ra4+ 48. Kg5 Ra5 49. f4 Ra4 50. f5 Ra5 51. f6+ Kh7 52. Kf5 Kg8 53. Rc8+ Kh7 54. Rf8 Rxa6 55. Rxf7+ Kh6 56. Rf8 Kh7 57. Kg5 Ra5 58. Re8 Ra7 59. Re7+ 1-0

[Event "Brezova op"]
[Site "Brezova pod Bradlom"]
[Date "2010.08.24"]
[Round "3"]
[White "Sosovicka, Juraj"]
[Black "Svoboda, Adam"]
[Result "1/2-1/2"]
[WhiteElo "2155"]
[BlackElo "1925"]
[PlyCount "70"]
[EventDate "2010.08.22"]
[EventType "swiss"]
[EventRounds "9"]
[EventCountry "SVK"]
[SourceTitle "CBM 138 Extra"]
[Source "ChessBase"]
[SourceDate "2010.10.29"]
[SourceVersion "1"]
[SourceVersionDate "2010.10.29"]
[SourceQuality "1"]

1. d4 d5 2. c4 c6 3. Nf3 Nf6 4. e3 a6 5. b3 Bg4 6. Bb2 e6 7. Bd3 Bd6 8. Nbd2 Nbd7 9. Qc2 Qb8 10. 0-0 0-0 11. a4 h6 12. h3 Bxf3 13. Nxf3 Re8 14. cxd5 exd5 15. Ba3 Bxa3 16. Rxa3 Qd6 17. Raa1 Ne4 18. a5 f5 19. Bxe4 fxe4 20. Nd2 Nf6 21. Rfc1 Re7 22. Qc5 Qxc5 23. Rxc5 Ne8 24. Rc2 Nc7 25. Nb1 Nb5 26. Nc3 Nxc3 27. Rxc3 Rf8 28. Rf1 Ref7 29. Rc2 Rf6 30. Kh2 R8f7 31. b4 Rf8 32. Kg3 Rg6+ 33. Kh2 Rgf6 34. Kg1 R8f7 35. Kh2 Rf8 1/2-1/2

[Event "SVK-chT3A2 0910"]
[Site "Slovakia"]
[Date "2010.03.14"]
[Round "10.3"]
[White "Svoboda, Adam"]
[Black "Brisudova, Veronika"]
[Result "1/2-1/2"]
[WhiteElo "1821"]
[BlackElo "1737"]
[PlyCount "132"]
[EventDate "2009.10.18"]
[EventType "team-tourn"]
[EventRounds "11"]
[EventCountry "SVK"]
[SourceTitle "EXT 2011"]
[Source "ChessBase"]
[SourceDate "2010.11.26"]
[SourceVersion "1"]
[SourceVersionDate "2010.11.26"]
[SourceQuality "1"]
[WhiteTeam "Trnava III"]
[BlackTeam "Skalica II"]
[WhiteTeamCountry "SVK"]
[BlackTeamCountry "SVK"]

1. e4 c5 2. Nf3 d6 3. d4 cxd4 4. Nxd4 Nf6 5. Nc3 a6 6. Be3 e5 7. Nb3 Be7 8. Qd2 Ng4 9. Nd5 Nxe3 10. Nxe3 0-0 11. Bc4 Be6 12. Bd5 Nc6 13. 0-0 Rc8 14. Rad1 Qc7 15. c3 Rcd8 16. Qd3 Bg5 17. Nd2 Bxe3 18. fxe3 Bg4 19. Nf3 Kh8 20. Rd2 Ne7 21. Ng5 Nxd5 22. exd5 g6 23. Rdf2 Rd7 24. h3 h6 25. hxg4 hxg5 26. e4 Kg7 27. Rf6 Rh8 28. Qe3 Qc5 29. Qxc5 dxc5 30. Rb6 Rh4 31. Re1 Rxg4 32. Kf2 Rf4+ 33. Kg3 Kf8 34. b3 Ke7 35. a4 Kd8 36. a5 Kc7 37. b4 c4 38. Re3 Rd6 39. Rxd6 Kxd6 40. Kh3 f5 41. g3 Rf1 42. Kg2 Rd1 43. Rf3 Rd3 44. Kf2 fxe4 45. Re3 Kxd5 46. Ke2 g4 47. Kf2 Rd2+ 48. Kf1 Rh2 49. Kg1 Rh8 50. Kf2 Rb8 51. Ke1 b6 52. axb6 Rxb6 53. Re2 Rf6 54. Re3 Rf3 55. Kd2 Rf2+ 56. Kc1 Ra2 57. Kd1 Ra3 58. Kd2 Rb3 59. Kc2 g5 60. Kd2 Rb2+ 61. Kd1 Rg2 62. Ke1 Rb2 63. Kd1 a5 64. bxa5 Ra2 65. Ke1 Rxa5 66. Kd1 Ra2 1/2-1/2

[Event "SVK-ch U16"]
[Site "Ruzomberok"]
[Date "2010.02.26"]
[Round "9"]
[White "Pagerka, Martin"]
[Black "Svoboda, Adam"]
[Result "1-0"]
[WhiteElo "2123"]
[BlackElo "1846"]
[PlyCount "119"]
[EventDate "2010.02.21"]
[EventType "swiss"]
[EventRounds "9"]
[EventCountry "SVK"]
[SourceTitle "EXT 2022"]
[Source "ChessBase"]
[SourceDate "2021.10.06"]
[SourceVersion "1"]
[SourceVersionDate "2021.10.06"]
[SourceQuality "1"]

1. e4 e6 2. d4 d5 3. Nc3 Nf6 4. e5 Nfd7 5. f4 c5 6. Nf3 Nc6 7. Be3 cxd4 8. Nxd4 Nxd4 9. Bxd4 Bc5 10. Qd2 a6 11. g3 Bxd4 12. Qxd4 Qb6 13. Qxb6 Nxb6 14. b3 Bd7 15. Bd3 Ke7 16. a4 a5 17. Ne2 Bc6 18. Nd4 Nd7 19. Kd2 Nc5 20. Rhf1 g6 21. Rf2 h5 22. h3 Bd7 23. Raf1 b6 24. Ke3 Bc8 25. g4 hxg4 26. hxg4 Ba6 27. Rf3 Bxd3 28. cxd3 Nd7 29. Nc6+ Ke8 30. f5 Rc8 31. fxe6 fxe6 32. Na7 Rc2 33. d4 Rhh2 34. Kf4 Rcg2 35. Kg5 Rh8 36. Nb5 Rf8 37. Nc7+ Ke7 38. Rf4 Rxf4 39. Rxf4 Nf8 40. Nb5 Rh2 41. Nd6 Nd7 42. Kxg6 Rh3 43. Kg7 Rxb3 44. g5 Ra3 45. g6 Rxa4 46. Rf7+ Kd8 47. Rf4 Ra1 48. Kg8 a4 49. g7 Rg1 50. Kf7 Kc7 51. g8Q Rxg8 52. Kxg8 Kc6 53. Rf1 b5 54. Rb1 a3 55. Rxb5 Nb6 56. Rc5+ Kd7 57. Ra5 Nc4 58. Nxc4 dxc4 59. Rxa3 Kc6 60. Ra5 1-0

[Event "SVK-ch U16"]
[Site "Ruzomberok"]
[Date "2010.02.25"]
[Round "7"]
[White "Svoboda, Adam"]
[Black "Petras, Marian"]
[Result "1/2-1/2"]
[WhiteElo "1846"]
[BlackElo "1751"]
[PlyCount "135"]
[EventDate "2010.02.21"]
[EventType "swiss"]
[EventRounds "9"]
[EventCountry "SVK"]
[SourceTitle "EXT 2022"]
[Source "ChessBase"]
[SourceDate "2021.10.06"]
[SourceVersion "1"]
[SourceVersionDate "2021.10.06"]
[SourceQuality "1"]

1. e4 c5 2. Nf3 Nc6 3. d4 cxd4 4. Nxd4 Nf6 5. Nc3 g6 6. Be3 Bg7 7. f3 0-0 8. Qd2 d5 9. exd5 Nxd5 10. Nxd5 Qxd5 11. c3 Nxd4 12. Bxd4 Rd8 13. Qe3 Bxd4 14. Qxd4 Qxd4 15. cxd4 Be6 16. Be2 Rxd4 17. a3 Rc8 18. Rd1 Rxd1+ 19. Bxd1 Rc1 20. Kd2 Rb1 21. Kc2 Bf5+ 22. Kc3 h5 23. g3 Kg7 24. h4 Kf6 25. Rf1 g5 26. hxg5+ Kxg5 27. Rh1 e5 28. f4+ exf4 29. gxf4+ Kf6 30. Bf3 Rxh1 31. Bxh1 Bc8 32. Be4 Ke6 33. Kd4 b6 34. Bf3 h4 35. Bg4+ f5 36. Bh3 Bb7 37. b4 Bc6 38. Kd3 Bf3 39. Ke3 Bg4 40. Bg2 h3 41. Bh1 Bd1 42. Kf2 Bb3 43. Bb7 Bd1 44. Kg3 Bg4 45. Bh1 Kd6 46. Bb7 Kc7 47. Bd5 a5 48. Bh1 Kb8 49. Bd5 Ka7 50. Bh1 Ka6 51. Bc6 axb4 52. axb4 Ka7 53. Bh1 Kb8 54. Bd5 Kc7 55. Bh1 Kd6 56. Bb7 Ke6 57. Bh1 Kf6 58. Bc6 Kg7 59. Bd5 Kh6 60. Be6 Kg6 61. Bd5 Kf6 62. Bc6 Ke6 63. Bb7 Kd6 64. Bh1 Kc7 65. Bd5 b5 66. Bh1 Kd7 67. Ba8 Kd6 68. Bb7 1/2-1/2

[Event "SVK-chT3A2 0910"]
[Site "Slovakia"]
[Date "2010.01.31"]
[Round "7.4"]
[White "Obdrzalkova, Anita"]
[Black "Svoboda, Adam"]
[Result "0-1"]
[WhiteElo "2004"]
[BlackElo "1821"]
[PlyCount "100"]
[EventDate "2009.10.18"]
[EventType "team-tourn"]
[EventRounds "11"]
[EventCountry "SVK"]
[SourceTitle "EXT 2011"]
[Source "ChessBase"]
[SourceDate "2010.11.26"]
[SourceVersion "1"]
[SourceVersionDate "2010.11.26"]
[SourceQuality "1"]
[WhiteTeam "Dunajska Streda SK III"]
[BlackTeam "Trnava III"]
[WhiteTeamCountry "SVK"]
[BlackTeamCountry "SVK"]

1. d4 d5 2. Nf3 Nf6 3. c4 c6 4. Nc3 a6 5. e3 e6 6. Qc2 Nbd7 7. cxd5 exd5 8. Bd3 Bd6 9. 0-0 0-0 10. e4 dxe4 11. Nxe4 Nxe4 12. Bxe4 Nf6 13. Bd3 h6 14. h3 Nd5 15. Bc4 Be6 16. a3 Qf6 17. Qd3 b5 18. Bxd5 Bxd5 19. Nd2 Rfe8 20. Rd1 Rad8 21. Nf1 Bc4 22. Qc3 Re2 23. Qf3 Qxf3 24. gxf3 Re6 25. f4 Bxf1 26. Kxf1 Rf6 27. Rd3 Bxf4 28. Bxf4 Rxf4 29. Rad1 Rf5 30. b4 Kf8 31. R1d2 Ke7 32. Re2+ Kd6 33. Rc2 Kc7 34. Ke2 Rfd5 35. Ke3 g5 36. Rcd2 Re8+ 37. Kf3 f5 38. Kg3 h5 39. f3 f4+ 40. Kf2 Kb6 41. Rc2 Re6 42. Rcd2 a5 43. Rc2 axb4 44. axb4 Re7 45. Rcd2 Ra7 46. Rb2 Ra1 47. Kg2 h4 48. Kf2 Rh1 49. Kg2 Rc1 50. Rdd2 Rc4 0-1

[Event "SVK-chT2A 0910"]
[Site "Slovakia"]
[Date "2009.10.11"]
[Round "2.8"]
[White "Racik, Marek"]
[Black "Svoboda, Adam"]
[Result "0-1"]
[WhiteElo "1869"]
[BlackElo "1821"]
[PlyCount "96"]
[EventDate "2009.10.10"]
[EventType "team-tourn"]
[EventRounds "11"]
[EventCountry "SVK"]
[SourceTitle "EXT 2011"]
[Source "ChessBase"]
[SourceDate "2010.11.26"]
[SourceVersion "1"]
[SourceVersionDate "2010.11.26"]
[SourceQuality "1"]
[WhiteTeam "Hlohovec SK Zentiva II"]
[BlackTeam "Trnava Lokomotiva II"]
[WhiteTeamCountry "SVK"]
[BlackTeamCountry "SVK"]

1. Nf3 d5 2. g3 c6 3. Bg2 Bg4 4. 0-0 Nf6 5. h3 Bf5 6. b3 e6 7. Bb2 Bd6 8. d3 Nbd7 9. Nbd2 0-0 10. Re1 e5 11. c4 Be6 12. Rc1 e4 13. dxe4 dxe4 14. Ng5 e3 15. Nde4 exf2+ 16. Kxf2 Nxe4+ 17. Nxe4 Be7 18. Kg1 Qc7 19. Qd4 f6 20. Kh2 Ne5 21. Ng5 fxg5 22. Qxe5 Qxe5 23. Bxe5 Bf6 24. Bd6 Rfd8 25. Rcd1 Rd7 26. e4 Rad8 27. c5 Be5 28. Re2 Bxd6 29. cxd6 Rxd6 30. Rxd6 Rxd6 31. g4 Rd4 32. Kg3 a5 33. Kf2 a4 34. Ke3 Rb4 35. bxa4 Rxa4 36. Rb2 Rxa2 37. Rxa2 Bxa2 38. Kd4 Kf7 39. Kc5 Ke6 40. Bf1 Bb1 41. Kd4 c5+ 42. Ke3 Ke5 43. Bg2 b5 44. Bf1 b4 45. Bg2 c4 46. Bf1 c3 47. Bd3 Bxd3 48. Kxd3 g6 0-1

[Event "Tatry op"]
[Site "Tatranske Zruby"]
[Date "2009.10.01"]
[Round "6"]
[White "Giertli, Vladimir"]
[Black "Svoboda, Adam"]
[Result "1-0"]
[WhiteElo "2029"]
[BlackElo "1821"]
[PlyCount "101"]
[EventDate "2009.09.27"]
[EventType "swiss"]
[EventRounds "9"]
[EventCountry "SVK"]
[SourceTitle "EXT 2011"]
[Source "ChessBase"]
[SourceDate "2010.11.26"]
[SourceVersion "1"]
[SourceVersionDate "2010.11.26"]
[SourceQuality "1"]

1. e4 e5 2. Nf3 Nc6 3. Bb5 a6 4. Ba4 Nf6 5. d3 d6 6. c3 g6 7. Nbd2 Bg7 8. 0-0 0-0 9. Re1 Nd7 10. Nf1 Nc5 11. Bc2 f5 12. b4 fxe4 13. dxe4 Ne6 14. Be3 h6 15. h3 Kh7 16. N1h2 Nf4 17. Qd2 Rf6 18. Bb3 Qf8 19. Bxf4 Rxf4 20. Rad1 a5 21. b5 a4 22. Bc4 Na5 23. Bf1 b6 24. Re3 Be6 25. Qc2 Nc4 26. Re2 Qe8 27. Ne1 Qxb5 28. Nd3 Rf7 29. Nb4 Qd7 30. Qd3 a3 31. Qg3 Rf4 32. Nd3 Rf7 33. f4 exf4 34. Nxf4 g5 35. Nxe6 Qxe6 36. Nf3 Be5 37. Qe1 c5 38. Rd5 Bf4 39. g3 Be3+ 40. Rxe3 Nxe3 41. Qxe3 Raf8 42. Bg2 g4 43. hxg4 Qxg4 44. Nh4 Qe6 45. Qd3 Rf2 46. e5+ Kg7 47. Rxd6 Rxg2+ 48. Nxg2 Qg4 49. Rd7+ Rf7 50. Rxf7+ Kxf7 51. Nf4 1-0

[Event "Stare Mesto op"]
[Site "Stare Mesto"]
[Date "2009.08.14"]
[Round "1"]
[White "Svoboda, Adam"]
[Black "Borosova, Zuzana"]
[Result "1/2-1/2"]
[WhiteElo "1800"]
[BlackElo "2300"]
[PlyCount "111"]
[EventDate "2009.08.14"]
[EventType "swiss"]
[EventRounds "10"]
[EventCountry "CZE"]
[SourceTitle "CBM 131 Extra"]
[Source "ChessBase"]
[SourceDate "2009.09.03"]
[SourceVersion "2"]
[SourceVersionDate "2009.09.16"]
[SourceQuality "1"]

1. e4 e5 2. Nf3 Nc6 3. Bb5 a6 4. Ba4 Nf6 5. 0-0 Be7 6. Re1 b5 7. Bb3 0-0 8. c3 d5 9. exd5 Nxd5 10. Nxe5 Nxe5 11. Rxe5 c6 12. d4 Bd6 13. Re1 Qh4 14. g3 Qh3 15. Re4 g5 16. Qf1 Qh5 17. Bd1 Qg6 18. Nd2 Bf5 19. Re1 Rae8 20. Nf3 f6 21. Bd2 Be4 22. a4 Qf5 23. Qe2 Bd3 24. Qxe8 Rxe8 25. Rxe8+ Kf7 26. Re1 Be4 27. axb5 axb5 28. Rxe4 Qxe4 29. Ne1 Qe7 30. Bf3 f5 31. h3 Kg6 32. Nd3 Qc7 33. Kg2 Nf6 34. Re1 Qd7 35. Ne5+ Bxe5 36. Rxe5 h6 37. Bd1 Ne4 38. Be3 Nd6 39. Bc2 Kf6 40. Bb3 Nc4 41. Bxc4 bxc4 42. Rc5 Qd6 43. f3 Qd7 44. h4 Qb7 45. hxg5+ hxg5 46. Bf2 Qa6 47. g4 f4 48. d5 cxd5 49. Rxd5 Qb7 50. Rc5 Qb3 51. Rc6+ Kf7 52. Rb6 Qc2 53. Rb4 Qd3 54. Rb7+ Kf6 55. Rc7 Ke6 56. Rb7 1/2-1/2

[Event "SVK-chT3A2 0809"]
[Site "Slovakia"]
[Date "2009.03.08"]
[Round "9.6"]
[White "Svoboda, Adam"]
[Black "Kahancova, Ivana"]
[Result "1-0"]
[WhiteElo "1815"]
[BlackElo "1700"]
[PlyCount "69"]
[EventDate "2008.10.19"]
[EventType "team-tourn"]
[EventRounds "11"]
[EventCountry "SVK"]
[SourceTitle "EXT 2010"]
[Source "ChessBase"]
[SourceDate "2010.11.25"]
[SourceVersion "1"]
[SourceVersionDate "2010.11.25"]
[SourceQuality "1"]
[WhiteTeam "Trnava Lokomotiva III"]
[BlackTeam "Dunajska Streda SK III"]
[WhiteTeamCountry "SVK"]
[BlackTeamCountry "SVK"]

1. e4 e6 2. d4 d5 3. Nc3 Nf6 4. e5 Nfd7 5. Nce2 c5 6. c3 Nc6 7. Nf3 Be7 8. g3 cxd4 9. cxd4 f6 10. Nf4 Nb6 11. Bh3 f5 12. Bg2 Nc4 13. 0-0 0-0 14. b3 Nb6 15. Be3 Bd7 16. h4 Qe8 17. Ng5 Bxg5 18. hxg5 Nc8 19. Bf3 N8e7 20. Bh5 g6 21. Be2 Kg7 22. Kg2 h6 23. gxh6+ Kxh6 24. Nxe6+ Kh7 25. Nxf8+ Qxf8 26. Rh1+ Kg8 27. Rh6 Rc8 28. Qh1 Kf7 29. Bh5 Be8 30. Qh4 Ke6 31. Qg5 Qg7 32. g4 Kd7 33. gxf5 Nxf5 34. Bxg6 Nxh6 35. Bxe8+ 1-0

[Event "SVK-chT3A2 0809"]
[Site "Slovakia"]
[Date "2009.01.11"]
[Round "5.6"]
[White "Svoboda, Adam"]
[Black "Barca, Michal"]
[Result "1-0"]
[WhiteElo "1815"]
[BlackElo "1783"]
[PlyCount "75"]
[EventDate "2008.10.19"]
[EventType "team-tourn"]
[EventRounds "11"]
[EventCountry "SVK"]
[SourceTitle "EXT 2010"]
[Source "ChessBase"]
[SourceDate "2010.11.25"]
[SourceVersion "1"]
[SourceVersionDate "2010.11.25"]
[SourceQuality "1"]
[WhiteTeam "Trnava Lokomotiva III"]
[BlackTeam "Hlohovec SK Zentiva III"]
[WhiteTeamCountry "SVK"]
[BlackTeamCountry "SVK"]

1. e4 e5 2. Nf3 d6 3. d4 exd4 4. Nxd4 Nf6 5. Nc3 Be7 6. Bc4 0-0 7. 0-0 Re8 8. Re1 Nbd7 9. f4 Nb6 10. Qd3 Bf8 11. Bd2 c6 12. e5 dxe5 13. fxe5 Nfd5 14. Nxd5 Nxd5 15. Nf3 Be7 16. Bxd5 Qxd5 17. Qxd5 cxd5 18. Be3 b6 19. Rad1 Bb7 20. Bf2 Rac8 21. c3 Bc5 22. Nd4 Re7 23. e6 f6 24. Nf5 Ree8 25. Bxc5 Rxc5 26. Nd6 Re7 27. Nxb7 Rb5 28. b3 g6 29. c4 dxc4 30. Rd8+ Kg7 31. Rd7 Kf8 32. bxc4 Rb2 33. Nd8 Ke8 34. Red1 Kf8 35. Rxe7 Kxe7 36. Rd7+ Ke8 37. Nc6 Kf8 38. Rd8+ 1-0

[Event "SVK-chT3A2 0809"]
[Site "Slovakia"]
[Date "2008.11.30"]
[Round "3.6"]
[White "Mackovic, Miroslav"]
[Black "Svoboda, Adam"]
[Result "1-0"]
[WhiteElo "1972"]
[BlackElo "1815"]
[PlyCount "81"]
[EventDate "2008.10.19"]
[EventType "team-tourn"]
[EventRounds "11"]
[EventCountry "SVK"]
[SourceTitle "EXT 2010"]
[Source "ChessBase"]
[SourceDate "2010.11.25"]
[SourceVersion "1"]
[SourceVersionDate "2010.11.25"]
[SourceQuality "1"]
[WhiteTeam "Trnava Modranka"]
[BlackTeam "Trnava Lokomotiva III"]
[WhiteTeamCountry "SVK"]
[BlackTeamCountry "SVK"]

1. e4 e6 2. d4 d5 3. Nc3 Bb4 4. e5 c5 5. a3 Bxc3+ 6. bxc3 Ne7 7. Qg4 Kf8 8. Ne2 Nbc6 9. Qg3 Nf5 10. Qd3 Qa5 11. g4 Nfxd4 12. Nxd4 cxd4 13. Bd2 Qa4 14. f4 dxc3 15. Qxc3 Qe4+ 16. Kf2 Qxh1 17. Bg2 Qxh2 18. Rh1 Qxh1 19. Bxh1 g6 20. f5 gxf5 21. Bh6+ Ke8 22. gxf5 Rg8 23. f6 Bd7 24. Bg7 Kd8 25. Bf3 Kc7 26. Bh5 Be8 27. Kg3 Rd8 28. Kf4 d4 29. Qd3 Nxe5 30. Qxh7 Bc6 31. Kxe5 Rd5+ 32. Kf4 Rf5+ 33. Kg3 Rd8 34. Bxf7 d3 35. Bh6 Rf3+ 36. Kh2 Rf2+ 37. Kg1 Rg2+ 38. Kf1 d2 39. Bxe6+ Kb6 40. Be3+ Ka6 41. Bc4+ 1-0

[Event "Pobeskydy op"]
[Site "Frydek Mistek"]
[Date "2008.03.21"]
[Round "4"]
[White "Svoboda, Adam"]
[Black "Reznicek, Marcel"]
[Result "0-1"]
[WhiteElo "1811"]
[BlackElo "2129"]
[PlyCount "122"]
[EventDate "2008.03.20"]
[EventType "swiss"]
[EventRounds "9"]
[EventCountry "CZE"]
[SourceTitle "EXT 2010"]
[Source "ChessBase"]
[SourceDate "2010.11.25"]
[SourceVersion "1"]
[SourceVersionDate "2010.11.25"]
[SourceQuality "1"]

1. e4 c5 2. Nf3 g6 3. d4 cxd4 4. Nxd4 Bg7 5. Nc3 Nc6 6. Be3 d6 7. Bc4 Bd7 8. 0-0 Rc8 9. Bb3 Ne5 10. h3 Nc4 11. Bxc4 Rxc4 12. Qd3 Rc8 13. f4 Bc6 14. Rad1 a6 15. f5 Nf6 16. Nxc6 bxc6 17. Qxa6 Nd7 18. fxg6 hxg6 19. Bd4 Bxd4+ 20. Rxd4 Ne5 21. Rb4 Ra8 22. Qb6 Qc8 23. Qb7 Qd8 24. a3 0-0 25. Ne2 c5 26. Rb5 Rc8 27. Nc3 Rc7 28. Qa6 Qd7 29. Rb6 Ra7 30. Qb5 Qc8 31. a4 Qa8 32. b3 Nd7 33. a5 Nxb6 34. axb6 Ra5 35. Qd7 Ra1 36. Na4 Rxf1+ 37. Kxf1 Qxe4 38. b7 Qf5+ 39. Qxf5 gxf5 40. Ke2 Rb8 41. Kf3 e5 42. Nb2 Rxb7 43. Nc4 Rd7 44. g3 Kg7 45. Ne3 Kf6 46. h4 d5 47. Ke2 d4 48. Nc4 Rd8 49. Nb6 Ke6 50. Na4 Kd6 51. Nb2 Rg8 52. Kf3 e4+ 53. Kf2 Ke6 54. Nc4 Ra8 55. Ke2 Ra2 56. Kd2 Ra1 57. Ke2 Rh1 58. Na3 Rh2+ 59. Kf1 f4 60. gxf4 Rxh4 61. Ke2 Rxf4 0-1